000 00680nam a2200217Ia 4500
003 OSt
005 20220927112920.0
006 a|||||r|||| 00| 0
007 ta
008 220926b |||||||| |||| 00| 0 eng d
024 _a150056
037 _cReports
040 _aRTL
_cRTL
_beng
041 _2eng
_aeng
082 _a"X9(F555).2.N86t4, M6/GD"
110 _a"India, Perspective Planning of Petrochemical Industry (Committee for-)"
_9384602
245 0 _aReport
700 _a"India, Perspective Planning of Petrochemical Industry (Committee for-)"
_9384603
942 _h"X9(F555).2.N86t4, M6/GD"
_cCC
999 _c700955
_d700955